| 000 | 00652nam a2200205 a 4500 | ||
|---|---|---|---|
| 005 | 20210223125732.0 | ||
| 008 | 051021s2003 mx r 000 0 spa d | ||
| 020 | _a8439709625 | ||
| 035 | _aUPN01000140755 | ||
| 049 | _aCG | ||
| 050 | 4 |
_aQ162 _bF5.2 |
|
| 100 | 1 | _aFisher, Len | |
| 245 | 1 | 0 |
_aCómo mojar una galleta : _bla ciencia en la vida cotidiana / _cLen Fisher ; tr. de Isabel Merino. |
| 260 |
_aBarcelona, Esp. : _bMondadori, _cc2003. |
||
| 300 | _a281 p. | ||
| 440 | 0 | _aArena abierta | |
| 534 |
_pTraducción de: _tHow to dunk a doughnut : the science of everyday life |
||
| 650 | 4 |
_aCIENCIA - _xTRABAJOS POPULARES _93101 |
|
| 905 | _aLibro | ||
| 999 |
_c112903 _d112903 |
||